Social psychology
| Main Author: | |
|---|---|
| Format: | Book |
| Published: |
New York :
McGraw-Hill ,
1993
|
| Edition: | 4th ed. |
| Subjects: |
MARC
| LEADER | 00000cam a2200000 7i4500 | ||
|---|---|---|---|
| 001 | 0000000813 | ||
| 005 | 20001011.0 | ||
| 020 | 0 | 0 | |a 0070442924 |
| 090 | 0 | 0 | |a 302 |b MYE 1993 |
| 100 | 1 | 0 | |a MYERS |h David G. |
| 245 | 1 | 0 | |a Social psychology |c David G. Myers |
| 250 | 0 | 0 | |a 4th ed. |
| 260 | 0 | 0 | |a New York : |b McGraw-Hill , |c 1993 |
| 300 | |a xx, 682 p. : |b ill. (some col.) ; |c 27 cm. | ||
| 500 | 0 | 0 | |a Bibliography: (p. 587-652) and indexes |
| 650 | 0 | 0 | |a Social psychology |
| 999 | |a 0000000359 |b Monograph |c Open Shelf |e Default branch | ||